000 01023nam a2200241Ia 4500
999 _c41568
_d41568
001 8236
003 GE_BSU
005 20240410164825.0
008 181216s2009||||ge |||||||||||||| ||geo||
040 _cGE_BSU
041 _ageo
080 _a338.48(479.22) დ–23
245 _aდასვენება სოფლად = Cootry Holiday in Georgia :
_b[მეგზური] /
_cასოციაცია "ელკანა".
264 _aთბილისი :
_bასოციაცია "ელკანა,
_c2009.
300 _a64 გვ. :
_bილ. ;
_c17 სმ.
500 _aაწერილია ყდის მიხედვით
541 _h15ლ.
546 _aტექსტი ქართულ და ინგლისურ ენებზე
653 _aდასვენება სოფლად
653 _aტურიზმი სოფლად
653 _aსოფლის ტურიზმი საქართველოში
942 _cBK
_2udc